000 00316nam a2200133 i 4500
001 bg
100 1 _aKORENEV, B. G.
245 0 _aUvedenie v teoriju besselevych funkcij /
_cG.B. Korenev.
260 _aMoskva,
_c1971.
040 _cBPK
041 _apol
942 _cKS
008 s pl f |000 0 pol
999 _c13694
_d13694
856 _uhttp://koha.tu.koszalin.pl/cgi-bin/koha/opac-detail.pl?biblionumber=13694
_yKatalog online BPK